000 00779cam a22002535a 4500
001 016049836
003 OSt
005 20160523121106.0
008 120306s2012 moua fr 001 0 eng d
020 _a9781574393392 (pbk.)
020 _a1574393391 (pbk.)
040 _aStDuBDS
_beng
_cStDuBDS
_dIeDuTC
_dEG-ScBUE
082 0 4 _222
_a615.1
_bDRU
245 0 0 _aDrug facts and comparisons :
_b2013 pocket version.
250 _a17th ed.
260 _aSaint Louis :
_bFacts & Comparisons ;
_aLondon :
_bLippincott Williams & Wilkins Europe [distributor],
_c2013.
300 _ax, 1519 p. :
_bill. ;
_c21 cm.
500 _aIndex : p. [1495]-1519.
650 0 _aDrugs
_2BUEsh
650 7 _aPharmacology.
_2BUEsh
_912590
651 _2BUEsh
653 _bPPhrm
_cMay2016
942 _2ddc
999 _c21798
_d21770